2010 College Football AP Poll - Statistics

General Stats
  • This quiz has been taken 57 times
  • The average score is 315 of 400
Answer Stats
Week Rank Team W L Conference % Correct
Preseason 1 Alabama 0 0 SEC
100%
Week 1 (9/7) 1 Alabama 1 0 SEC
100%
Week 2 (9/12) 1 Alabama 2 0 SEC
100%
Week 3 (9/19) 1 Alabama 3 0 SEC
100%
Week 4 (9/26) 1 Alabama 4 0 SEC
100%
Week 5 (10/3) 1 Alabama 5 0 SEC
100%
Week 6 (10/10) 8 Alabama 5 1 SEC
100%
Week 7 (10/17) 7 Alabama 6 1 SEC
100%
Week 8 (10/24) 6 Alabama 7 1 SEC
100%
Week 9 (10/31) 5 Alabama 7 1 SEC
100%
Week 10 (11/7) 11 Alabama 7 2 SEC
100%
Week 11 (11/14) 10 Alabama 8 2 SEC
100%
Week 12 (11/21) 9 Alabama 9 2 SEC
100%
Week 13 (11/28) 17 Alabama 9 3 SEC
100%
Week 14 (12/5) 15 Alabama 9 3 SEC
100%
Postseason 10 Alabama 10 3 SEC
100%
Preseason 2 Ohio State 0 0 Big Ten
97%
Week 1 (9/7) 2 Ohio State 1 0 Big Ten
97%
Week 2 (9/12) 2 Ohio State 2 0 Big Ten
97%
Week 3 (9/19) 2 Ohio State 3 0 Big Ten
97%
Week 4 (9/26) 2 Ohio State 4 0 Big Ten
97%
Week 5 (10/3) 2 Ohio State 5 0 Big Ten
97%
Week 6 (10/10) 1 Ohio State 6 0 Big Ten
97%
Week 7 (10/17) 11 Ohio State 6 1 Big Ten
97%
Week 8 (10/24) 10 Ohio State 7 1 Big Ten
97%
Week 9 (10/31) 8 Ohio State 8 1 Big Ten
97%
Week 10 (11/7) 8 Ohio State 8 1 Big Ten
97%
Week 11 (11/14) 8 Ohio State 9 1 Big Ten
97%
Week 12 (11/21) 8 Ohio State 10 1 Big Ten
97%
Week 13 (11/28) 6 Ohio State 11 1 Big Ten
97%
Week 14 (12/5) 6 Ohio State 11 1 Big Ten
97%
Postseason 5 Ohio State 12 1 Big Ten
97%
Preseason 7 Oklahoma 0 0 Big 12
97%
Week 1 (9/7) 10 Oklahoma 1 0 Big 12
97%
Week 2 (9/12) 7 Oklahoma 2 0 Big 12
97%
Week 3 (9/19) 8 Oklahoma 3 0 Big 12
97%
Week 4 (9/26) 8 Oklahoma 4 0 Big 12
97%
Week 5 (10/3) 6 Oklahoma 5 0 Big 12
97%
Week 6 (10/10) 6 Oklahoma 5 0 Big 12
97%
Week 7 (10/17) 3 Oklahoma 6 0 Big 12
97%
Week 8 (10/24) 11 Oklahoma 6 1 Big 12
97%
Week 9 (10/31) 11 Oklahoma 7 1 Big 12
97%
Week 10 (11/7) 19 Oklahoma 7 2 Big 12
97%
Week 11 (11/14) 16 Oklahoma 8 2 Big 12
97%
Week 12 (11/21) 14 Oklahoma 9 2 Big 12
97%
Week 13 (11/28) 10 Oklahoma 10 2 Big 12
97%
Week 14 (12/5) 9 Oklahoma 11 2 Big 12
97%
Postseason 6 Oklahoma 12 2 Big 12
97%
Preseason 5 Texas 0 0 Big 12
97%
Week 1 (9/7) 5 Texas 1 0 Big 12
97%
Week 2 (9/12) 6 Texas 2 0 Big 12
97%
Week 3 (9/19) 7 Texas 3 0 Big 12
97%
Week 4 (9/26) 21 Texas 3 1 Big 12
97%
Week 7 (10/17) 22 Texas 4 2 Big 12
97%
Preseason 4 Florida 0 0 SEC
94%
Week 1 (9/7) 8 Florida 1 0 SEC
94%
Week 2 (9/12) 10 Florida 2 0 SEC
94%
Week 3 (9/19) 9 Florida 3 0 SEC
94%
Week 4 (9/26) 7 Florida 4 0 SEC
94%
Week 5 (10/3) 14 Florida 4 1 SEC
94%
Week 6 (10/10) 22 Florida 4 2 SEC
94%
Week 10 (11/7) 24 Florida 6 3 SEC
94%
Preseason 14 USC 0 0 Pacific-10
94%
Week 1 (9/7) 16 USC 1 0 Pacific-10
94%
Week 2 (9/12) 18 USC 2 0 Pacific-10
94%
Week 3 (9/19) 20 USC 3 0 Pacific-10
94%
Week 4 (9/26) 18 USC 4 0 Pacific-10
94%
Week 8 (10/24) 24 USC 5 2 Pacific-10
94%
Week 11 (11/14) 20 USC 7 3 Pacific-10
94%
Preseason 23 Georgia 0 0 SEC
90%
Week 1 (9/7) 22 Georgia 1 0 SEC
90%
Week 2 (9/12) 20 Michigan 2 0 Big Ten
90%
Week 3 (9/19) 21 Michigan 3 0 Big Ten
90%
Week 4 (9/26) 19 Michigan 4 0 Big Ten
90%
Week 5 (10/3) 18 Michigan 5 0 Big Ten
90%
Preseason 11 Oregon 0 0 Pacific-10
90%
Week 1 (9/7) 7 Oregon 1 0 Pacific-10
90%
Week 2 (9/12) 5 Oregon 2 0 Pacific-10
90%
Week 3 (9/19) 5 Oregon 3 0 Pacific-10
90%
Week 4 (9/26) 4 Oregon 4 0 Pacific-10
90%
Week 5 (10/3) 3 Oregon 5 0 Pacific-10
90%
Week 6 (10/10) 2 Oregon 6 0 Pacific-10
90%
Week 7 (10/17) 1 Oregon 6 0 Pacific-10
90%
Week 8 (10/24) 1 Oregon 7 0 Pacific-10
90%
Week 9 (10/31) 1 Oregon 8 0 Pacific-10
90%
Week 10 (11/7) 1 Oregon 9 0 Pacific-10
90%
Week 11 (11/14) 1 Oregon 10 0 Pacific-10
90%
Week 12 (11/21) 1 Oregon 10 0 Pacific-10
90%
Week 13 (11/28) 1 Oregon 11 0 Pacific-10
90%
Week 14 (12/5) 2 Oregon 12 0 Pacific-10
90%
Postseason 3 Oregon 12 1 Pacific-10
90%
Preseason 22 Auburn 0 0 SEC
87%
Week 1 (9/7) 21 Auburn 1 0 SEC
87%
Week 2 (9/12) 16 Auburn 2 0 SEC
87%
Week 3 (9/19) 17 Auburn 3 0 SEC
87%
Week 4 (9/26) 10 Auburn 4 0 SEC
87%
Week 5 (10/3) 8 Auburn 5 0 SEC
87%
Week 6 (10/10) 7 Auburn 6 0 SEC
87%
Week 7 (10/17) 5 Auburn 7 0 SEC
87%
Week 8 (10/24) 3 Auburn 8 0 SEC
87%
Week 9 (10/31) 3 Auburn 9 0 SEC
87%
Week 10 (11/7) 2 Auburn 10 0 SEC
87%
Week 11 (11/14) 2 Auburn 11 0 SEC
87%
Week 12 (11/21) 2 Auburn 11 0 SEC
87%
Week 13 (11/28) 2 Auburn 12 0 SEC
87%
Week 14 (12/5) 1 Auburn 13 0 SEC
87%
Postseason 1 Auburn 14 0 SEC
87%
Preseason 20 Florida State 0 0 ACC
87%
Week 1 (9/7) 17 Florida State 1 0 ACC
87%
Week 5 (10/3) 23 Florida State 4 1 ACC
87%
Week 6 (10/10) 16 Florida State 5 1 ACC
87%
Week 7 (10/17) 16 Florida State 6 1 ACC
87%
Week 8 (10/24) 16 Florida State 6 1 ACC
87%
Week 9 (10/31) 24 Florida State 6 2 ACC
87%
Week 12 (11/21) 22 Florida State 8 3 ACC
87%
Week 13 (11/28) 20 Florida State 9 3 ACC
87%
Week 14 (12/5) 23 Florida State 9 4 ACC
87%
Postseason 17 Florida State 10 4 ACC
87%
Preseason 9 Iowa 0 0 Big Ten
84%
Week 1 (9/7) 9 Iowa 1 0 Big Ten
84%
Week 2 (9/12) 9 Iowa 2 0 Big Ten
84%
Week 3 (9/19) 18 Iowa 2 1 Big Ten
84%
Week 4 (9/26) 17 Iowa 3 1 Big Ten
84%
Week 5 (10/3) 15 Iowa 4 1 Big Ten
84%
Week 6 (10/10) 15 Iowa 4 1 Big Ten
84%
Week 7 (10/17) 13 Iowa 5 1 Big Ten
84%
Week 8 (10/24) 18 Iowa 5 2 Big Ten
84%
Week 9 (10/31) 15 Iowa 6 2 Big Ten
84%
Week 10 (11/7) 13 Iowa 7 2 Big Ten
84%
Week 11 (11/14) 21 Iowa 7 3 Big Ten
84%
Week 12 (11/21) 24 Iowa 7 4 Big Ten
84%
Week 3 (9/19) 25 Michigan State 3 0 Big Ten
84%
Week 4 (9/26) 24 Michigan State 4 0 Big Ten
84%
Week 5 (10/3) 17 Michigan State 5 0 Big Ten
84%
Week 6 (10/10) 13 Michigan State 6 0 Big Ten
84%
Week 7 (10/17) 8 Michigan State 7 0 Big Ten
84%
Week 8 (10/24) 5 Michigan State 8 0 Big Ten
84%
Week 9 (10/31) 16 Michigan State 8 1 Big Ten
84%
Week 10 (11/7) 10 Michigan State 9 1 Big Ten
84%
Week 11 (11/14) 11 Michigan State 9 1 Big Ten
84%
Week 12 (11/21) 11 Michigan State 10 1 Big Ten
84%
Week 13 (11/28) 7 Michigan State 11 1 Big Ten
84%
Week 14 (12/5) 7 Michigan State 11 1 Big Ten
84%
Postseason 14 Michigan State 11 2 Big Ten
84%
Week 5 (10/3) 22 Oklahoma State 4 0 Big 12
84%
Week 6 (10/10) 20 Oklahoma State 5 0 Big 12
84%
Week 7 (10/17) 17 Oklahoma State 6 0 Big 12
84%
Week 8 (10/24) 20 Oklahoma State 6 1 Big 12
84%
Week 9 (10/31) 19 Oklahoma State 7 1 Big 12
84%
Week 10 (11/7) 12 Oklahoma State 8 1 Big 12
84%
Week 11 (11/14) 12 Oklahoma State 9 1 Big 12
84%
Week 12 (11/21) 10 Oklahoma State 10 1 Big 12
84%
Week 13 (11/28) 16 Oklahoma State 10 2 Big 12
84%
Week 14 (12/5) 16 Oklahoma State 10 2 Big 12
84%
Postseason 13 Oklahoma State 11 2 Big 12
84%
Preseason 19 Penn State 0 0 Big Ten
84%
Week 1 (9/7) 18 Penn State 1 0 Big Ten
84%
Week 2 (9/12) 22 Penn State 1 1 Big Ten
84%
Week 3 (9/19) 23 Penn State 2 1 Big Ten
84%
Week 4 (9/26) 22 Penn State 3 1 Big Ten
84%
Preseason 3 Boise State 0 0 WAC
81%
Week 1 (9/7) 3 Boise State 1 0 WAC
81%
Week 2 (9/12) 3 Boise State 1 0 WAC
81%
Week 3 (9/19) 3 Boise State 2 0 WAC
81%
Week 4 (9/26) 3 Boise State 3 0 WAC
81%
Week 5 (10/3) 4 Boise State 4 0 WAC
81%
Week 6 (10/10) 3 Boise State 5 0 WAC
81%
Week 7 (10/17) 2 Boise State 6 0 WAC
81%
Week 8 (10/24) 2 Boise State 6 0 WAC
81%
Week 9 (10/31) 2 Boise State 7 0 WAC
81%
Week 10 (11/7) 4 Boise State 8 0 WAC
81%
Week 11 (11/14) 3 Boise State 9 0 WAC
81%
Week 12 (11/21) 3 Boise State 10 0 WAC
81%
Week 13 (11/28) 9 Boise State 10 1 WAC
81%
Week 14 (12/5) 10 Boise State 11 1 WAC
81%
Postseason 9 Boise State 12 1 WAC
81%
Preseason 21 LSU 0 0 SEC
81%
Week 1 (9/7) 19 LSU 1 0 SEC
81%
Week 2 (9/12) 15 LSU 2 0 SEC
81%
Week 3 (9/19) 15 LSU 3 0 SEC
81%
Week 4 (9/26) 12 LSU 4 0 SEC
81%
Week 5 (10/3) 12 LSU 5 0 SEC
81%
Week 6 (10/10) 9 LSU 6 0 SEC
81%
Week 7 (10/17) 6 LSU 7 0 SEC
81%
Week 8 (10/24) 12 LSU 7 1 SEC
81%
Week 9 (10/31) 12 LSU 7 1 SEC
81%
Week 10 (11/7) 5 LSU 8 1 SEC
81%
Week 11 (11/14) 5 LSU 9 1 SEC
81%
Week 12 (11/21) 6 LSU 10 1 SEC
81%
Week 13 (11/28) 11 LSU 10 2 SEC
81%
Week 14 (12/5) 11 LSU 10 2 SEC
81%
Postseason 8 LSU 11 2 SEC
81%
Week 5 (10/3) 24 Missouri 4 0 Big 12
81%
Week 6 (10/10) 21 Missouri 5 0 Big 12
81%
Week 7 (10/17) 18 Missouri 6 0 Big 12
81%
Week 8 (10/24) 7 Missouri 7 0 Big 12
81%
Week 9 (10/31) 14 Missouri 7 1 Big 12
81%
Week 10 (11/7) 20 Missouri 7 2 Big 12
81%
Week 11 (11/14) 15 Missouri 8 2 Big 12
81%
Week 12 (11/21) 15 Missouri 9 2 Big 12
81%
Week 13 (11/28) 15 Missouri 10 2 Big 12
81%
Week 14 (12/5) 14 Missouri 10 2 Big 12
81%
Postseason 18 Missouri 10 3 Big 12
81%
Week 1 (9/7) 24 South Carolina 1 0 SEC
81%
Week 2 (9/12) 13 South Carolina 2 0 SEC
81%
Week 3 (9/19) 12 South Carolina 3 0 SEC
81%
Week 4 (9/26) 20 South Carolina 3 1 SEC
81%
Week 5 (10/3) 19 South Carolina 3 1 SEC
81%
Week 6 (10/10) 10 South Carolina 4 1 SEC
81%
Week 7 (10/17) 19 South Carolina 4 2 SEC
81%
Week 8 (10/24) 17 South Carolina 5 2 SEC
81%
Week 9 (10/31) 18 South Carolina 6 2 SEC
81%
Week 10 (11/7) 22 South Carolina 6 3 SEC
81%
Week 11 (11/14) 17 South Carolina 7 3 SEC
81%
Week 12 (11/21) 18 South Carolina 8 3 SEC
81%
Week 13 (11/28) 18 South Carolina 9 3 SEC
81%
Week 14 (12/5) 19 South Carolina 9 4 SEC
81%
Postseason 22 South Carolina 9 5 SEC
81%
Preseason 6 TCU 0 0 Mountain West
77%
Week 1 (9/7) 4 TCU 1 0 Mountain West
77%
Week 2 (9/12) 4 TCU 2 0 Mountain West
77%
Week 3 (9/19) 4 TCU 3 0 Mountain West
77%
Week 4 (9/26) 5 TCU 4 0 Mountain West
77%
Week 5 (10/3) 5 TCU 5 0 Mountain West
77%
Week 6 (10/10) 4 TCU 6 0 Mountain West
77%
Week 7 (10/17) 4 TCU 7 0 Mountain West
77%
Week 8 (10/24) 4 TCU 8 0 Mountain West
77%
Week 9 (10/31) 4 TCU 9 0 Mountain West
77%
Week 10 (11/7) 3 TCU 10 0 Mountain West
77%
Week 11 (11/14) 4 TCU 11 0 Mountain West
77%
Week 12 (11/21) 4 TCU 11 0 Mountain West
77%
Week 13 (11/28) 3 TCU 12 0 Mountain West
77%
Week 14 (12/5) 3 TCU 12 0 Mountain West
77%
Postseason 2 TCU 13 0 Mountain West
77%
Preseason 12 Wisconsin 0 0 Big Ten
77%
Week 1 (9/7) 11 Wisconsin 1 0 Big Ten
77%
Week 2 (9/12) 11 Wisconsin 2 0 Big Ten
77%
Week 3 (9/19) 11 Wisconsin 3 0 Big Ten
77%
Week 4 (9/26) 11 Wisconsin 4 0 Big Ten
77%
Week 5 (10/3) 20 Wisconsin 4 1 Big Ten
77%
Week 6 (10/10) 18 Wisconsin 5 1 Big Ten
77%
Week 7 (10/17) 10 Wisconsin 6 1 Big Ten
77%
Week 8 (10/24) 9 Wisconsin 7 1 Big Ten
77%
Week 9 (10/31) 7 Wisconsin 7 1 Big Ten
77%
Week 10 (11/7) 6 Wisconsin 8 1 Big Ten
77%
Week 11 (11/14) 6 Wisconsin 9 1 Big Ten
77%
Week 12 (11/21) 5 Wisconsin 10 1 Big Ten
77%
Week 13 (11/28) 4 Wisconsin 11 1 Big Ten
77%
Week 14 (12/5) 4 Wisconsin 11 1 Big Ten
77%
Postseason 7 Wisconsin 11 2 Big Ten
77%
Preseason 17 Arkansas 0 0 SEC
74%
Week 1 (9/7) 14 Arkansas 1 0 SEC
74%
Week 2 (9/12) 12 Arkansas 2 0 SEC
74%
Week 3 (9/19) 10 Arkansas 3 0 SEC
74%
Week 4 (9/26) 15 Arkansas 3 1 SEC
74%
Week 5 (10/3) 11 Arkansas 3 1 SEC
74%
Week 6 (10/10) 12 Arkansas 4 1 SEC
74%
Week 7 (10/17) 21 Arkansas 4 2 SEC
74%
Week 8 (10/24) 19 Arkansas 5 2 SEC
74%
Week 9 (10/31) 17 Arkansas 6 2 SEC
74%
Week 10 (11/7) 14 Arkansas 7 2 SEC
74%
Week 11 (11/14) 13 Arkansas 8 2 SEC
74%
Week 12 (11/21) 12 Arkansas 9 2 SEC
74%
Week 13 (11/28) 8 Arkansas 10 2 SEC
74%
Week 14 (12/5) 8 Arkansas 10 2 SEC
74%
Postseason 12 Arkansas 10 3 SEC
74%
Week 7 (10/17) 24 Mississippi State 5 2 SEC
74%
Week 8 (10/24) 23 Mississippi State 6 2 SEC
74%
Week 9 (10/31) 21 Mississippi State 7 2 SEC
74%
Week 10 (11/7) 17 Mississippi State 7 2 SEC
74%
Week 11 (11/14) 22 Mississippi State 7 3 SEC
74%
Week 12 (11/21) 25 Mississippi State 7 4 SEC
74%
Week 13 (11/28) 22 Mississippi State 8 4 SEC
74%
Week 14 (12/5) 21 Mississippi State 8 4 SEC
74%
Postseason 15 Mississippi State 9 4 SEC
74%
Week 4 (9/26) 23 NC State 4 0 ACC
74%
Week 9 (10/31) 23 NC State 6 2 ACC
74%
Week 12 (11/21) 21 NC State 8 3 ACC
74%
Postseason 25 NC State 9 4 ACC
74%
Week 1 (9/7) 25 Stanford 1 0 Pacific-10
74%
Week 2 (9/12) 19 Stanford 2 0 Pacific-10
74%
Week 3 (9/19) 16 Stanford 3 0 Pacific-10
74%
Week 4 (9/26) 9 Stanford 4 0 Pacific-10
74%
Week 5 (10/3) 16 Stanford 4 1 Pacific-10
74%
Week 6 (10/10) 14 Stanford 5 1 Pacific-10
74%
Week 7 (10/17) 12 Stanford 5 1 Pacific-10
74%
Week 8 (10/24) 13 Stanford 6 1 Pacific-10
74%
Week 9 (10/31) 10 Stanford 7 1 Pacific-10
74%
Week 10 (11/7) 7 Stanford 8 1 Pacific-10
74%
Week 11 (11/14) 7 Stanford 9 1 Pacific-10
74%
Week 12 (11/21) 7 Stanford 10 1 Pacific-10
74%
Week 13 (11/28) 5 Stanford 11 1 Pacific-10
74%
Week 14 (12/5) 5 Stanford 11 1 Pacific-10
74%
Postseason 4 Stanford 12 1 Pacific-10
74%
Week 10 (11/7) 23 Texas A&M 6 3 Big 12
74%
Week 11 (11/14) 18 Texas A&M 7 3 Big 12
74%
Week 12 (11/21) 17 Texas A&M 8 3 Big 12
74%
Week 13 (11/28) 19 Texas A&M 9 3 Big 12
74%
Week 14 (12/5) 18 Texas A&M 9 3 Big 12
74%
Postseason 19 Texas A&M 9 4 Big 12
74%
Week 1 (9/7) 20 Utah 1 0 Mountain West
74%
Week 2 (9/12) 14 Utah 2 0 Mountain West
74%
Week 3 (9/19) 13 Utah 3 0 Mountain West
74%
Week 4 (9/26) 13 Utah 4 0 Mountain West
74%
Week 5 (10/3) 10 Utah 4 0 Mountain West
74%
Week 6 (10/10) 11 Utah 5 0 Mountain West
74%
Week 7 (10/17) 9 Utah 6 0 Mountain West
74%
Week 8 (10/24) 8 Utah 7 0 Mountain West
74%
Week 9 (10/31) 6 Utah 8 0 Mountain West
74%
Week 10 (11/7) 15 Utah 8 1 Mountain West
74%
Week 11 (11/14) 25 Utah 8 2 Mountain West
74%
Week 12 (11/21) 23 Utah 9 2 Mountain West
74%
Week 13 (11/28) 21 Utah 10 2 Mountain West
74%
Week 14 (12/5) 20 Utah 10 2 Mountain West
74%
Preseason 10 Virginia Tech 0 0 ACC
74%
Week 1 (9/7) 13 Virginia Tech 0 1 ACC
74%
Week 7 (10/17) 23 Virginia Tech 5 2 ACC
74%
Week 8 (10/24) 21 Virginia Tech 6 2 ACC
74%
Week 9 (10/31) 20 Virginia Tech 6 2 ACC
74%
Week 10 (11/7) 16 Virginia Tech 7 2 ACC
74%
Week 11 (11/14) 14 Virginia Tech 8 2 ACC
74%
Week 12 (11/21) 13 Virginia Tech 9 2 ACC
74%
Week 13 (11/28) 12 Virginia Tech 10 2 ACC
74%
Week 14 (12/5) 12 Virginia Tech 11 2 ACC
74%
Postseason 16 Virginia Tech 11 3 ACC
74%
Preseason 13 Miami 0 0 ACC
71%
Week 1 (9/7) 12 Miami 1 0 ACC
71%
Week 2 (9/12) 17 Miami 1 1 ACC
71%
Week 3 (9/19) 19 Miami 1 1 ACC
71%
Week 4 (9/26) 16 Miami 2 1 ACC
71%
Week 5 (10/3) 13 Miami 3 1 ACC
71%
Week 7 (10/17) 25 Miami 4 2 ACC
71%
Week 8 (10/24) 22 Miami 5 2 ACC
71%
Week 11 (11/14) 24 Miami 7 3 ACC
71%
Preseason 8 Nebraska 0 0 Big 12
71%
Week 1 (9/7) 6 Nebraska 1 0 Big 12
71%
Week 2 (9/12) 8 Nebraska 2 0 Big 12
71%
Week 3 (9/19) 6 Nebraska 3 0 Big 12
71%
Week 4 (9/26) 6 Nebraska 4 0 Big 12
71%
Week 5 (10/3) 7 Nebraska 4 0 Big 12
71%
Week 6 (10/10) 5 Nebraska 5 0 Big 12
71%
Week 7 (10/17) 14 Nebraska 5 1 Big 12
71%
Week 8 (10/24) 14 Nebraska 6 1 Big 12
71%
Week 9 (10/31) 9 Nebraska 7 1 Big 12
71%
Week 10 (11/7) 9 Nebraska 8 1 Big 12
71%
Week 11 (11/14) 9 Nebraska 9 1 Big 12
71%
Week 12 (11/21) 16 Nebraska 9 2 Big Ten
71%
Week 13 (11/28) 13 Nebraska 10 2 Big 12
71%
Week 14 (12/5) 17 Nebraska 10 3 Big 12
71%
Postseason 20 Nebraska 10 4 Big 12
71%
Week 2 (9/12) 24 Arizona 2 0 Pacific-10
68%
Week 3 (9/19) 14 Arizona 3 0 Pacific-10
68%
Week 4 (9/26) 14 Arizona 4 0 Pacific-10
68%
Week 5 (10/3) 9 Arizona 4 0 Pacific-10
68%
Week 6 (10/10) 17 Arizona 4 1 Pacific-10
68%
Week 7 (10/17) 15 Arizona 5 1 Pacific-10
68%
Week 8 (10/24) 15 Arizona 6 1 Pacific-10
68%
Week 9 (10/31) 13 Arizona 7 1 Pacific-10
68%
Week 10 (11/7) 18 Arizona 7 2 Pacific-10
68%
Week 11 (11/14) 23 Arizona 7 3 Pacific-10
68%
Week 12 (11/21) 20 Arizona 7 3 Pacific-10
68%
Preseason 16 Georgia Tech 0 0 ACC
68%
Week 1 (9/7) 15 Georgia Tech 1 0 ACC
68%
Preseason 18 North Carolina 0 0 ACC
68%
Postseason 23 Maryland 9 4 ACC
65%
Preseason 24 Oregon State 0 0 Pacific-10
65%
Week 2 (9/12) 25 Oregon State 0 1 Pacific-10
65%
Week 3 (9/19) 24 Oregon State 1 1 Pacific-10
65%
Week 6 (10/10) 24 Oregon State 3 2 Pacific-10
65%
Preseason 15 Pittsburgh 0 0 Big East
65%
Week 8 (10/24) 25 Baylor 6 2 Big 12
61%
Week 9 (10/31) 22 Baylor 7 2 Big 12
61%
Preseason 25 West Virginia 0 0 Big East
61%
Week 1 (9/7) 23 West Virginia 1 0 Big East
61%
Week 2 (9/12) 21 West Virginia 2 0 Big East
61%
Week 3 (9/19) 22 West Virginia 3 0 Big East
61%
Week 6 (10/10) 25 West Virginia 5 1 Big East
61%
Week 7 (10/17) 20 West Virginia 5 1 Big East
61%
Week 13 (11/28) 23 West Virginia 8 3 Big East
61%
Week 14 (12/5) 22 West Virginia 9 3 Big East
61%
Week 13 (11/28) 25 Hawai'i 9 3 WAC
45%
Week 14 (12/5) 24 Hawai'i 10 3 WAC
45%
Week 10 (11/7) 25 UCF 7 2 C-USA
39%
Postseason 21 UCF 11 3 C-USA
39%
Week 5 (10/3) 25 Air Force 4 1 Mountain West
35%
Week 6 (10/10) 23 Air Force 5 1 Mountain West
35%
Week 2 (9/12) 23 Houston 2 0 C-USA
32%
Week 4 (9/26) 25 Nevada 4 0 WAC
26%
Week 5 (10/3) 21 Nevada 5 0 WAC
26%
Week 6 (10/10) 19 Nevada 6 0 WAC
26%
Week 9 (10/31) 25 Nevada 7 1 WAC
26%
Week 10 (11/7) 21 Nevada 8 1 WAC
26%
Week 11 (11/14) 19 Nevada 9 1 WAC
26%
Week 12 (11/21) 19 Nevada 10 1 WAC
26%
Week 13 (11/28) 14 Nevada 11 1 WAC
26%
Week 14 (12/5) 13 Nevada 12 1 WAC
26%
Postseason 11 Nevada 13 1 WAC
26%
Week 14 (12/5) 25 UConn 8 4 Big East
19%
Postseason 24 Tulsa 10 3 C-USA
10%
Week 13 (11/28) 24 Northern Illinois 10 2 MAC
6%
No matching quizzes found
Score Distribution
Percent of People with Each Score
Percentile by Number Answered
Your Score History
You have not taken this quiz